000 00920nam a2200229 i 4500
001 96669
003 ES-MaACL
005 20231227062619.0
007 t|
008 050629q1923 sp |||| | spa d
245 0 0 _aMamarrachos académicos
_b: o sea la Academia de la Lengua juzgada por D. Marcelino Menéndez y Pelayo : carta inédita [?] de este eminente crítico a D. Alejandro Pidal y Mon /
_cpublicada y comentada por U. I. ; prólogo de D.J. Cejador.
260 _aMadrid :
_bBética,
_c[1923?]
300 _aXXII, 140 p. ;
_c19 cm.
490 1 _aBiblioteca Rosalinda
610 2 4 _aReal Academia Española
_96336
650 0 4 _aLengua española-
_xLexicografía.
_914170
700 1 _aCejador y Frauca, Julio,
_d1864-1927
_937333
700 1 _aMenéndez y Pelayo, Marcelino,
_d1856-1912
_980332
830 0 _aBiblioteca Rosalinda
_9227327
852 _aES-MaACL
_jG-3387
999 _c96669
_d96669